| 000 | 00764nam a22001697a 4500 | ||
|---|---|---|---|
| 003 | UA-OsUOA | ||
| 001 | 16689 | ||
| 007 | ta | ||
| 008 | 20040119b un ||||| |||| 00| 0 ukr d | ||
| 942 | _cSA | ||
| 040 |
_aUA-OsUOA _cUA-OsUOA _dUA-OsUOA |
||
| 245 |
_aОхорона праці : досвід атомників переймає Рівненщина _b[На базі Рівнен. АЕС проходив обл. семінар-нарада з питань охорони праці , техніки безпеки , оплати праці та атестації робjчих місць] |
||
| 300 | _aС.1,2 | ||
| 955 | _a0 | ||
| 773 | 0 |
_w0 _tЕнергія _dКузнецовськ _d2003 _g№44/14 листоп./ |
|
| 650 | 7 |
_aКраєзнавча робота _2UDC |
|
| 999 |
_c302854 _d302854 |
||